00255nam a2200097Ia 4500008004100000100002100041245004200062260002800104300000800132650001700140191201s2006 xx 000 0 und d aSINGHAL, Sandeep 0aWAP-The Wireless Application Protocol aN. DelhibPearsonc2006 a698 aM.Tech (ECE)